[Event "Sharjah Masters-B 8th"]
[Site "Sharjah"]
[Date "2025.05.22"]
[Round "6"]
[White "Burmakin, Vladimir"]
[Black "Ayush, Sharma"]
[Result "1/2-1/2"]
[WhiteElo "2435"]
[BlackElo "2478"]
[PlyCount "87"]
[EventDate "2025.05.17"]
[EventType "swiss"]
[EventRounds "9"]
[EventCountry "UAE"]
[SourceTitle "CB22_2025"]
[SourceDate "2025.05.28"]
[SourceVersion "1"]
[SourceVersionDate "2025.05.28"]
[SourceQuality "1"]

1. Nf3 Nf6 2. c4 e6 3. b3 c5 4. Bb2 Nc6 5. g3 d5 6. cxd5 exd5 7. Bg2 d4 8. 0-0 Be7 9. Na3 0-0 10. Nc4 Re8 11. e3 Be6 12. exd4 cxd4 13. Nfe5 Nxe5 14. Nxe5 Bd5 15. Re1 Rc8 16. Rc1 Rxc1 17. Qxc1 h5 18. Bxd5 Qxd5 19. Qc4 Bc5 20. Qxd5 Nxd5 21. Nd3 Rxe1+ 22. Nxe1 Nb4 23. a3 Nc6 24. b4 Bb6 25. Nf3 f6 26. Kf1 Kf7 27. Ke2 d3+ 28. Kxd3 Bxf2 29. b5 Nd8 30. Ke4 Bb6 31. Bd4 Ne6 32. Bxb6 axb6 33. d4 Nc7 34. a4 g6 35. Nh4 Kg7 36. Ng2 Kf7 37. Nf4 Ne8 38. Kd5 f5 39. Ke5 Nf6 40. d5 Ne4 41. Nd3 Ke7 42. Nf4 Kf7 43. Nd3 Ke7 44. Nf4 1/2-1/2

[Event "Asia-ch"]
[Site "Al Ain"]
[Date "2025.05.13"]
[Round "7"]
[White "Ayush, Sharma"]
[Black "Zhu, Hengyi"]
[Result "1/2-1/2"]
[WhiteElo "2478"]
[BlackElo "2385"]
[PlyCount "78"]
[EventDate "2025.05.07"]
[EventType "swiss"]
[EventRounds "9"]
[EventCountry "UAE"]
[SourceTitle "CB21_2025"]
[SourceDate "2025.05.21"]
[SourceVersion "1"]
[SourceVersionDate "2025.05.21"]
[SourceQuality "1"]

1. e4 e5 2. Nf3 Nc6 3. Bb5 Nf6 4. d3 Bc5 5. c3 0-0 6. Bg5 Be7 7. Nbd2 a6 8. Bxc6 dxc6 9. Nxe5 Nxe4 10. Bxe7 Qxe7 11. Nxc6 bxc6 12. dxe4 Rb8 13. b3 Qg5 14. Qf3 Rd8 15. Nc4 Be6 16. Ne3 Qa5 17. Nc2 Bg4 18. Qg3 Rxb3 19. Nb4 Qa3 20. 0-0 Rxc3 21. Qh4 Re8 22. Nxa6 Qxa6 23. Qxg4 Rc4 24. Rfe1 g6 25. h4 Qa4 26. h5 Rcxe4 27. Rxe4 Rxe4 28. Qc8+ Kg7 29. h6+ Kxh6 30. Qf8+ Kg5 31. Qxf7 Qd4 32. Rf1 h5 33. Qxc7 c5 34. a4 Re2 35. Qg3+ Kh6 36. Qf3 Ra2 37. Qf8+ Kg5 38. Qe7+ Kh6 39. Qf8+ Kg5 1/2-1/2

[Event "Asia-ch Blitz"]
[Site "Al Ain"]
[Date "2025.05.10"]
[Round "2"]
[White "Abu Azizah, Raji"]
[Black "Ayush, Sharma"]
[Result "1-0"]
[WhiteElo "2182"]
[BlackElo "2478"]
[PlyCount "71"]
[EventDate "2025.05.10"]
[EventType "swiss (blitz)"]
[EventRounds "9"]
[EventCountry "UAE"]
[SourceTitle "CB20_2025"]
[SourceDate "2025.05.14"]
[SourceVersion "1"]
[SourceVersionDate "2025.05.14"]
[SourceQuality "1"]

1. e4 c5 2. Nf3 e6 3. d4 cxd4 4. Nxd4 a6 5. Nc3 b5 6. a3 Bb7 7. Bd3 d6 8. 0-0 Nf6 9. Kh1 Nbd7 10. f4 Be7 11. b4 0-0 12. Bb2 Nb6 13. Qe2 Qc7 14. Rae1 Rfd8 15. f5 e5 16. Nb3 Rac8 17. Na5 Ba8 18. g4 d5 19. g5 dxe4 20. Nxe4 Nxe4 21. Bxe4 Bxg5 22. Bxa8 Nxa8 23. Bxe5 Qxc2 24. Qg4 f6 25. h4 Bxh4 26. Qxh4 fxe5 27. f6 Rd4 28. f7+ Kf8 29. Qh3 Rf4 30. Rxf4 exf4 31. Qe6 g5 32. Qe8+ Rxe8 33. fxe8Q+ Kg7 34. Re7+ Kh6 35. Re6+ Kg7 36. Qd7+ 1-0

[Event "Asia-ch"]
[Site "Al Ain"]
[Date "2025.05.09"]
[Round "3"]
[White "Ayush, Sharma"]
[Black "Ritviz, Parab"]
[Result "1/2-1/2"]
[WhiteElo "2478"]
[BlackElo "2362"]
[PlyCount "64"]
[EventDate "2025.05.07"]
[EventType "swiss"]
[EventRounds "9"]
[EventCountry "UAE"]
[SourceTitle "CB21_2025"]
[SourceDate "2025.05.21"]
[SourceVersion "1"]
[SourceVersionDate "2025.05.21"]
[SourceQuality "1"]

1. e4 e5 2. Nf3 Nc6 3. Bb5 a6 4. Ba4 Nf6 5. 0-0 Be7 6. Re1 b5 7. Bb3 d6 8. c3 0-0 9. h3 h6 10. d4 Bd7 11. Nbd2 Re8 12. Nf1 a5 13. d5 Nb8 14. a4 bxa4 15. Bxa4 c6 16. dxc6 Bxc6 17. Bxc6 Nxc6 18. Ne3 Nb8 19. Nf5 Bf8 20. b3 Nc6 21. Ra2 Qb6 22. Rd2 Reb8 23. Rxd6 Ne8 24. Be3 Qb7 25. Rd7 Qxb3 26. Qd5 Qxd5 27. exd5 Nd8 28. c4 Nf6 29. Ra7 Rxa7 30. Bxa7 Ra8 31. Bb6 Nd7 32. Bc7 f6 1/2-1/2

[Event "Maharashtra op 3rd"]
[Site "Hadapsar"]
[Date "2025.04.23"]
[Round "5"]
[White "Venkatesh, Marani Rajendran"]
[Black "Ayush, Sharma"]
[Result "0-1"]
[WhiteElo "2355"]
[BlackElo "2485"]
[PlyCount "74"]
[EventDate "2025.04.20"]
[EventType "swiss"]
[EventRounds "10"]
[EventCountry "IND"]
[SourceTitle "CB18_2025"]
[SourceDate "2025.04.30"]
[SourceVersion "1"]
[SourceVersionDate "2025.04.30"]
[SourceQuality "1"]

1. e4 c5 2. Nf3 d6 3. d4 cxd4 4. Nxd4 Nf6 5. Nc3 a6 6. h3 g6 7. g4 Bg7 8. Bg2 0-0 9. Be3 Nc6 10. Nde2 Rb8 11. 0-0 b5 12. Ng3 b4 13. Nce2 Bb7 14. Qc1 Qc7 15. Bh6 Rfc8 16. Bxg7 Kxg7 17. g5 Nd7 18. b3 Na7 19. Qd2 Qc5 20. a3 bxa3 21. Ra2 Nc6 22. c3 a5 23. Rfa1 Qb6 24. Rxa3 Nc5 25. Nd4 Kg8 26. h4 Ne5 27. f4 a4 28. Kh2 Nxb3 29. Rxb3 axb3 30. fxe5 dxe5 31. Ndf5 gxf5 32. Nxf5 Rd8 33. Qb2 Ra8 34. c4 Rxa1 35. Qxa1 b2 36. Qf1 b1Q 37. Nh6+ Qxh6 0-1

[Event "Tashkent Agzamov Memorial 18th"]
[Site "Tashkent"]
[Date "2025.03.22"]
[Round "3"]
[White "Rostovtsev, Dmitry"]
[Black "Ayush, Sharma"]
[Result "1/2-1/2"]
[WhiteElo "2292"]
[BlackElo "2485"]
[PlyCount "80"]
[EventDate "2025.03.20"]
[EventType "swiss"]
[EventRounds "10"]
[EventCountry "UZB"]
[SourceTitle "CB14_2025"]
[SourceDate "2024.11.01"]
[SourceVersion "1"]
[SourceVersionDate "2024.11.01"]
[SourceQuality "1"]

1. e4 c5 2. Nf3 d6 3. d4 cxd4 4. Nxd4 Nf6 5. Nc3 a6 6. Bg5 Nbd7 7. Bc4 Qb6 8. Bb3 e6 9. f3 Be7 10. Be3 Nc5 11. g4 Qc7 12. Qd2 b5 13. a3 Bb7 14. Ba2 Rc8 15. 0-0-0 0-0 16. Kb1 Nfd7 17. g5 Ne5 18. h4 Nxf3 19. Nxf3 Nxe4 20. Nxe4 Bxe4 21. Nd4 e5 22. Ne2 Qxc2+ 23. Qxc2 Bxc2+ 24. Ka1 Bxd1 25. Rxd1 Kh8 26. Nc3 f5 27. gxf6 Bxf6 28. h5 Be7 29. Bd5 Rf5 30. h6 Rcf8 31. hxg7+ Kxg7 32. Rg1+ Kh8 33. Ka2 Rh5 34. Ne4 Rh2 35. Ng5 Bxg5 36. Bxg5 h6 37. Be7 Rff2 38. Ka1 h5 39. Bxd6 Re2 40. Bf8 Rhf2 1/2-1/2

[Event "Goa op"]
[Site "Taleigao"]
[Date "2025.01.16"]
[Round "7"]
[White "Avinash, Ramesh"]
[Black "Ayush, Sharma"]
[Result "0-1"]
[WhiteElo "2331"]
[BlackElo "2469"]
[PlyCount "116"]
[EventDate "2025.01.11"]
[EventType "swiss"]
[EventRounds "10"]
[EventCountry "IND"]
[SourceTitle "CB04_2025"]
[SourceDate "2025.01.22"]
[SourceVersion "1"]
[SourceVersionDate "2025.01.22"]
[SourceQuality "1"]

1. e4 c5 2. Nf3 d6 3. d4 cxd4 4. Qxd4 Nc6 5. Bb5 Bd7 6. Qd3 Nf6 7. c4 g6 8. Nc3 Bg7 9. 0-0 0-0 10. h3 a6 11. Bxc6 Bxc6 12. Nd4 Nd7 13. Rd1 Rc8 14. Qe2 Nc5 15. b3 b5 16. cxb5 Bxb5 17. Ndxb5 axb5 18. Bb2 Bxc3 19. Bxc3 Nxb3 20. axb3 Rxc3 21. Qxb5 Qb8 22. Qd7 Rc7 23. Qa4 Rb7 24. Re1 Rxb3 25. Rad1 Rb2 26. Qd4 Rb4 27. Qe3 Rb3 28. Qd4 Rb5 29. Re3 Rc8 30. Rde1 Rcc5 31. R3e2 h5 32. h4 Qc8 33. g3 Rc4 34. Qd3 Re5 35. Re3 Qc6 36. Qe2 Kg7 37. Qb2 f6 38. Qe2 Rc2 39. Qd1 Qc4 40. Qf3 Rb5 41. Kg2 Rbb2 42. Rf1 Qd4 43. Kg1 Rd2 44. Kg2 Ra2 45. Kg1 Rac2 46. Kg2 Qc5 47. Kg1 Rc1 48. Ree1 Rc3 49. Qg2 Qd4 50. Kh2 g5 51. hxg5 fxg5 52. Kh1 g4 53. e5 d5 54. Qh2 Kg6 55. Qh4 Rxf2 56. Qxe7 Rxf1+ 57. Rxf1 Qe4+ 58. Kg1 Rxg3+ 0-1

[Event "Goa op"]
[Site "Taleigao"]
[Date "2025.01.14"]
[Round "5"]
[White "Gochelashvili, David"]
[Black "Ayush, Sharma"]
[Result "1/2-1/2"]
[WhiteElo "2257"]
[BlackElo "2469"]
[PlyCount "107"]
[EventDate "2025.01.11"]
[EventType "swiss"]
[EventRounds "10"]
[EventCountry "IND"]
[SourceTitle "CB04_2025"]
[SourceDate "2025.01.22"]
[SourceVersion "1"]
[SourceVersionDate "2025.01.22"]
[SourceQuality "1"]

1. e4 c5 2. c3 Nf6 3. e5 Nd5 4. d4 cxd4 5. cxd4 Nc6 6. Nf3 d6 7. Bc4 Nb6 8. Bb3 dxe5 9. d5 Na5 10. Nc3 g6 11. Nxe5 Bg7 12. Bf4 0-0 13. 0-0 Bf5 14. Re1 Rc8 15. g4 Bd7 16. Qe2 Re8 17. Rad1 Nxb3 18. axb3 e6 19. d6 a6 20. g5 Bxe5 21. Qxe5 Bc6 22. Ne4 Bxe4 23. Qxe4 Nd5 24. Bg3 Rc5 25. h4 Qd7 26. Be5 Rb5 27. Rd3 Nb4 28. Rc3 Nc6 29. f4 Rb4 30. Qf3 Qd8 31. Qf2 h6 32. Qg3 Kh7 33. Rd1 Qb6+ 34. Kh2 Qb5 35. Rdd3 Rd8 36. Kh3 Re4 37. Re3 Qf1+ 38. Qg2 Rxe3+ 39. Rxe3 Qd1 40. Qf3 Qd2 41. Re2 Qd1 42. Re3 Qb1 43. Kg2 Qc2+ 44. Kg3 Qc1 45. Rd3 hxg5 46. Bf6 gxf4+ 47. Kh3 Rd7 48. h5 Qc5 49. Qxf4 Qxh5+ 50. Kg2 Qe2+ 51. Kg1 Qe1+ 52. Kg2 Qe2+ 53. Kg1 Qe1+ 54. Kg2 1/2-1/2

[Event "Goa op"]
[Site "Taleigao"]
[Date "2025.01.13"]
[Round "4"]
[White "Ayush, Sharma"]
[Black "Slizhevsky, Alexander"]
[Result "0-1"]
[WhiteElo "2469"]
[BlackElo "2340"]
[PlyCount "47"]
[EventDate "2025.01.11"]
[EventType "swiss"]
[EventRounds "10"]
[EventCountry "IND"]
[SourceTitle "CB04_2025"]
[SourceDate "2025.01.22"]
[SourceVersion "1"]
[SourceVersionDate "2025.01.22"]
[SourceQuality "1"]

1. e4 c5 2. Nf3 g6 3. d4 cxd4 4. Nxd4 Bg7 5. Nc3 Nc6 6. Nde2 Nf6 7. g3 0-0 8. Bg2 d6 9. 0-0 Rb8 10. a4 a6 11. h3 b5 12. axb5 axb5 13. Be3 b4 14. Nd5 Nd7 15. Nd4 Bxd4 16. Bxd4 e6 17. Ne3 e5 18. Ba7 Rb7 19. Qxd6 Nxa7 20. Rfd1 Qb6 21. Qd2 Nf6 22. Nc4 Qc5 23. b3 Be6 24. Ra5 0-1

[Event "Bhubaneswar Odisha op"]
[Site "Bhubaneswar"]
[Date "2024.12.18"]
[Round "5"]
[White "Adireddy, Arjun"]
[Black "Ayush, Sharma"]
[Result "1-0"]
[WhiteElo "2335"]
[BlackElo "2466"]
[PlyCount "87"]
[EventDate "2024.12.15"]
[EventType "swiss"]
[EventRounds "10"]
[EventCountry "IND"]
[SourceTitle "CB52_2024"]
[SourceDate "2024.12.25"]
[SourceVersion "1"]
[SourceVersionDate "2024.12.25"]
[SourceQuality "1"]

1. e4 c5 2. Nf3 d6 3. d4 cxd4 4. Nxd4 Nf6 5. Nc3 a6 6. h3 e6 7. g4 h6 8. Bg2 Nc6 9. Be3 Be7 10. Qe2 Nxd4 11. Bxd4 e5 12. Be3 b5 13. 0-0-0 b4 14. Nd5 Nxd5 15. exd5 f5 16. Kb1 0-0 17. gxf5 Bxf5 18. Rhg1 Bg5 19. Bxg5 Qxg5 20. Be4 Qf4 21. Bxf5 Qxf5 22. Qe3 Rac8 23. Rc1 Kh8 24. Qb6 Rcd8 25. Qxa6 Qxh3 26. Qb7 Qd7 27. Qxb4 Rxf2 28. Rg6 Rf4 29. Qb6 Qe7 30. Rcg1 Qf8 31. b3 Rd7 32. Qc6 Qd8 33. Re6 Kh7 34. a4 Rf2 35. Qc4 Kh8 36. Qg4 Rdf7 37. Qg6 R2f6 38. Rxf6 Qxf6 39. a5 Qf2 40. Rc1 Qf6 41. Qg1 Qd8 42. Rf1 Qg5 43. Qxg5 Rxf1+ 44. Qc1 1-0

[Event "Qatar Masters op-A"]
[Site "Doha"]
[Date "2024.12.11"]
[Round "8"]
[White "Ayush, Sharma"]
[Black "Vaz, Ethan"]
[Result "1-0"]
[WhiteElo "2466"]
[BlackElo "2378"]
[PlyCount "75"]
[EventDate "2024.12.03"]
[EventType "swiss"]
[EventRounds "9"]
[EventCountry "QAT"]
[SourceTitle "CB51_2024"]
[SourceDate "2024.12.18"]
[SourceVersion "1"]
[SourceVersionDate "2024.12.18"]
[SourceQuality "1"]

1. e4 c5 2. Nf3 d6 3. d4 cxd4 4. Nxd4 Nf6 5. Nc3 a6 6. Bd3 g6 7. f3 Qb6 8. a3 Nc6 9. Be3 e5 10. Nf5 Qd8 11. Ng3 Bg7 12. h4 d5 13. exd5 Nxd5 14. Nxd5 Qxd5 15. h5 f5 16. Qd2 Be6 17. Ne2 Qd7 18. 0-0-0 Qf7 19. Bb6 0-0 20. hxg6 hxg6 21. g4 fxg4 22. fxg4 Bxg4 23. Rdg1 Bf5 24. Bxf5 Qxf5 25. Ng3 Qe6 26. Qh2 Rf7 27. Ne4 Ne7 28. Bc5 Qc4 29. Qh7+ Kf8 30. Qxg6 Qxc5 31. Qxf7+ Kxf7 32. Nxc5 b6 33. Rf1+ Kg6 34. Rhg1+ Kh6 35. Ne6 Rg8 36. Rg2 Kh7 37. Ng5+ Kg6 38. Nf7+ 1-0

[Event "Qatar Masters op-A"]
[Site "Doha"]
[Date "2024.12.10"]
[Round "7"]
[White "Zhu, Hengyi"]
[Black "Ayush, Sharma"]
[Result "1/2-1/2"]
[WhiteElo "2361"]
[BlackElo "2466"]
[PlyCount "80"]
[EventDate "2024.12.03"]
[EventType "swiss"]
[EventRounds "9"]
[EventCountry "QAT"]
[SourceTitle "CB51_2024"]
[SourceDate "2024.12.18"]
[SourceVersion "1"]
[SourceVersionDate "2024.12.18"]
[SourceQuality "1"]

1. e4 c5 2. Nc3 a6 3. g3 Nc6 4. Bg2 g6 5. Nge2 Bg7 6. 0-0 e6 7. d3 Nge7 8. Be3 Nd4 9. Qd2 0-0 10. f4 d6 11. Nd1 e5 12. c3 Nxe2+ 13. Qxe2 exf4 14. Bxf4 d5 15. Nf2 Re8 16. Rae1 Nc6 17. Qf3 d4 18. c4 Ne5 19. Bxe5 Bxe5 20. Bh3 f6 21. Bxc8 Rxc8 22. Nh3 Qa5 23. Nf4 Qxa2 24. Nd5 Qa5 25. Nxf6+ Bxf6 26. Qxf6 Qc7 27. Re2 Qe7 28. Qb6 Rc6 29. Qa5 Qd8 30. Qd2 Rf8 31. Rxf8+ Qxf8 32. Qg5 Rf6 33. Qd5+ Kh8 34. e5 Rf1+ 35. Kg2 Rh1 36. Rf2 Rxh2+ 37. Kxh2 Qxf2+ 38. Kh3 Qf1+ 39. Kh2 Qe2+ 40. Kh3 Qh5+ 1/2-1/2